000 01470nam a2200397 i 4500
001 000015502
003 DO-SdBNP
005 20250723141324.0
006 a||||gr|||| 00| 0
007 ta
008 100211s2009 dr a 000 0 spa d
020 _a9789993425892
040 _aDO-SdBNP
_bspa
_cBNPHU
_erda
041 _hspa
082 4 _a808.53
_bM433p
_222
100 1 _aMatos Moquete, Manuel,
_d1944-
_96349
245 1 0 _aPropuestas, valores e ideologías en el discurso político dominicano /
_cManuel Matos Moquete.
264 _aSanto Domingo :
_bINTEC,
_c2009
300 _aviii, 229 páginas :
_bIlustraciones, retratos ;
_c23 cm.
336 _2rdaconten
_atexto
_btxt
337 _2rdamedia
_asin medición
_bn
338 _2rdacarrier
_avolumen
_bnc
500 _aIncluye datos biográficos del autor en las solapas de las cubiertas
500 _aIncluye bibliografía y notas al pie de las páginas.
504 _aBibliografía páginas 221 - 229
590 _aInventariado,2023 / MF
650 0 _aDiscursos políticos
_910037
650 4 _aOratoria política
_910022
650 4 _aAnálisis linguístico
_910036
650 4 _aCampaña electoral
_zRepública Dominicana
_93002
650 4 _aLíderes políticos
_zRepública Dominicana
_934226
650 4 _aIdeologías políticas
_zRepública Dominicana
_910062
710 2 _aInstituto Tecnológico de Santo Domingo
_978911
910 _aValidado. Control de calidad MMOLINA
942 _2ddc
_cLBS1
999 _c15058
_d15058